Top 100 biggest transfer fees in football history - Statistics

General Stats
  • This quiz has been taken 126 times
  • The average score is 78 of 100
Answer Stats
# Season From To Transfer Fee Country Player % Correct
13 18/19 Real Madrid CF Juventus 117 000 000 € Cristiano Ronaldo
100%
24 09/10 Manchester United Real Madrid CF 94 000 000 € Cristiano Ronaldo
100%
2 18/19 AS Monaco Paris Saint-Germain 180 000 000 € Kylian Mbappé
100%
1 17/18 FC Barcelona Paris Saint-Germain 222 000 000 € Neymar
99%
26 23/24 Paris Saint-Germain Al-Hilal Saudi Club 90 000 000 € Neymar
99%
28 13/14 Santos FC FC Barcelona 88 000 000 € Neymar
99%
4 25/26 Newcastle United FC Liverpool FC 145 000 000 € Alexander Isak
98%
70 22/23 Real Sociedad Newcastle United FC 70 000 000 € Alexander Isak
98%
7 23/24 Borussia Dortmund Real Madrid CF 127 000 000 € Jude Bellingham
98%
3 17/18 Borussia Dortmund FC Barcelona 148 000 000 € Ousmane Dembélé
98%
5 17/18 Liverpool FC FC Barcelona 135 000 000 € Philippe Coutinho
98%
11 19/20 Atlético de Madrid FC Barcelona 120 000 000 € Antoine Griezmann
97%
10 19/20 Chelsea FC Real Madrid CF 120 800 000 € Eden Hazard
97%
18 13/14 Tottenham Hotspur Real Madrid CF 101 000 000 € Gareth Bale
97%
21 23/24 Tottenham Hotspur FC Bayern München 95 000 000 € Harry Kane
97%
8 25/26 Bayer 04 Leverkusen Liverpool FC 125 000 000 € Florian Wirtz
96%
14 23/24 West Ham United Arsenal FC 116 600 000 € Declan Rice
93%
17 16/17 Juventus Manchester United 105 000 000 € Paul Pogba
93%
9 22/23 SL Benfica Chelsea FC 121 000 000 € Enzo Fernández
92%
19 20/21 Bayer 04 Leverkusen Chelsea FC 100 000 000 € Kai Havertz
92%
55 23/24 Chelsea FC Arsenal FC 75 000 000 € Kai Havertz
92%
16 21/22 Inter Chelsea FC 113 000 000 € Romelu Lukaku
92%
35 17/18 Everton FC Manchester United 84 700 000 € Romelu Lukaku
92%
59 19/20 Manchester United Inter 74 000 000 € Romelu Lukaku
92%
15 23/24 Brighton & Hove Albion Chelsea FC 116 000 000 € Moisés Caicedo
91%
36 17/18 Southampton FC Liverpool FC 84 650 000 € Virgil van Dijk
90%
12 21/22 Aston Villa FC Manchester City 117 500 000 € Jack Grealish
89%
38 14/15 Liverpool FC FC Barcelona 81 720 000 € Luis Suárez
89%
23 22/23 AFC Ajax Manchester United 95 000 000 € Antony
88%
20 25/26 Eintracht Frankfurt Liverpool FC 95 000 000 € Hugo Ékitiké
88%
6 19/20 SL Benfica Atlético de Madrid 127 200 000 € João Félix
88%
25 23/24 RB Leipzig Manchester City 90 000 000 € Josko Gvardiol
88%
50 15/16 Vfl Wolfsburg Manchester City 76 000 000 € Kevin De Bruyne
88%
30 19/20 AFC Ajax FC Barcelona 86 000 000 € Frenkie de Jong
87%
29 19/20 Leicester City FC Manchester United 87 000 000 € Harry Maguire
86%
53 24/25 Manchester City Atlético de Madrid 75 000 000 € Julián Alvarez
86%
31 19/20 AFC Ajax Juventus 85 500 000 € Matthijs de Ligt
86%
78 22/23 Juventus FC Bayern München 67 000 000 € Matthijs de Ligt
86%
32 25/26 VfB Stuttgart Newcastle United FC 85 000 000 € Nick Woltemade
86%
54 24/25 Eintracht Frankfurt Manchester City 75 000 000 € Omar Marmoush
84%
45 20/21 Lille OSC SSC Napoli 78 900 000 € Victor Osimhen
84%
51 25/26 SSC Napoli Galatasaray SK 75 000 000 € Victor Osimhen
84%
52 25/26 Brentford FC Manchester United 75 000 000 € Bryan Mbeumo
83%
33 22/23 SL Benfica Liverpool FC 85 000 000 € Darwin Núñez
82%
34 21/22 Borussia Dortmund Manchester United 85 000 000 € Jadon Sancho
82%
65 25/26 Liverpool FC FC Bayern München 70 000 000 € Luis Díaz
82%
76 18/19 Leicester City FC Manchester City 67 800 000 € Riyad Mahrez
82%
63 20/21 SL Benfica Manchester City 71 600 000 € Rúben Dias
82%
75 21/22 Inter Paris Saint-Germain 68 000 000 € Achraf Hakimi
81%
86 19/20 Sporting CP Manchester United 65 000 000 € Bruno Fernandes
81%
67 24/25 SSC Napoli Paris Saint-Germain 70 000 000 € Khvicha Kvaratskhelia
81%
58 25/26 Wolverhampton Wanderers Manchester United 74 200 000 € Matheus Cunha
81%
69 22/23 FC Shakthtar Donetsk Chelsea FC 70 000 000 € Mykhaylo Mudryk
80%
46 23/24 Atalanta BC Manchester United 77 800 000 € Rasmus Højlund
80%
71 19/20 Atlético de Madrid Manchester City 70 000 000 € Rodri
79%
72 09/10 Inter FC Barcelona 69 500 000 € Zlatan Ibrahimović
79%
57 14/15 Real Madrid CF Manchester United 75 000 000 € Ángel Di María
78%
98 15/16 Manchester United Paris Saint-Germain 63 000 000 € Ángel Di María
78%
49 25/26 RB Leipzig Manchester United 76 500 000 € Benjamin Šeško
78%
56 14/15 AS Monaco Real Madrid CF 75 000 000 € James Rodríguez
78%
37 21/22 ACF Fiorentina Juventus 83 500 000 € Dušan Vlahović
77%
43 19/20 Lille OSC Arsenal FC 80 000 000 € Nicolas Pépé
77%
41 22/23 AS Monaco Real Madrid CF 80 000 000 € Aurélien Tchouaméni
76%
82 25/26 Sporting CP Arsenal FC 65 800 000 € Viktor Gyökeres
76%
64 22/23 Real Madrid CF Manchester United 70 650 000 € Casemiro
74%
91 18/19 Borussia Dortmund Chelsea FC 64 000 000 € Christian Pulisic
74%
22 23/24 Eintracht Frankfurt Paris Saint-Germain 95 000 000 € Randal Kolo Muani
74%
27 16/17 SSC Napoli Juventus 90 000 000 € Gonzalo Higuaín
73%
62 25/26 AFC Bournemouth Manchester City 72 000 000 € Antoine Semenyo
72%
68 23/24 RB Leipzig Liverpool FC 70 000 000 € Dominik Szoboszlai
72%
93 17/18 Borussia Dortmund Arsenal FC 63 750 000 € Pierre-Emerick Aubameyang
72%
73 25/26 Crystal Palace FC Arsenal FC 69 300 000 € Eberechi Eze
70%
66 25/26 Real Sociedad Arsenal FC 70 000 000 € Martín Zubimendi
70%
89 13/14 SSC Napoli Paris Saint-Germain 64 500 000 € Edinson Cavani
69%
77 23/24 Chelsea FC Manchester United 67 700 000 € Mason Mount
69%
60 18/19 AS Roma Liverpool FC 72 500 000 € Alisson
67%
48 24/25 Aston Villa FC Al-Nassr Club 77 000 000 € Jhon Durán
67%
44 18/19 Athletic Club Chelsea FC 80 000 000 € Kepa Arrizabalaga
67%
79 09/10 AC Milan Real Madrid CF 67 000 000 € Kaká
66%
40 22/23 Leicester City FC Chelsea FC 80 400 000 € Wesley Fofana
66%
84 25/26 RB Leipzig Tottenham Hostpur 65 000 000 € Xavi Simons
66%
47 01/02 Juventus Real Madrid CF 77 500 000 € Zinédine Zidane
66%
81 24/25 SL Benfica Paris Saint-Germain 65 920 000 € João Neves
64%
95 15/16 Liverpool FC Manchester City 63 700 000 € Raheem Sterling
64%
83 22/23 Brighton & Hove Albion Chelsea FC 65 300 000 € Marc Cucurella
62%
97 19/20 Eintracht Frankfurt Real Madrid CF 63 000 000 € Luka Jović
61%
42 19/20 Atlético de Madrid FC Bayern München 80 000 000 € Lucas Hernández
60%
92 25/26 West Ham United Tottenham Hotspur 63 800 000 € Mohammed Kudus
59%
87 19/20 Juventus Manchester City 65 000 000 € João Cancelo
56%
99 25/26 AFC Bournemouth Real Madrid CF 62 500 000 € Dean Huijsen
54%
85 23/24 SL Benfica Paris Saint-Germain 65 000 000 € Gonçalo Ramos
54%
94 25/26 Brighton & Hove Albion Chelsea FC 63 700 000 € João Pedro
54%
88 17/18 Athletic Club Manchester City 65 000 000 € Aymeric Laporte
53%
61 18/19 AS Monaco Atlético de Madrid 72 000 000 € Thomas Lemar
51%
90 24/25 AFC Bournemouth Tottenham Hotspur 64 300 000 € Dominic Solanke
49%
80 17/18 Real Madrid CF Chelsea FC 66 000 000 € Álvaro Morata
47%
39 20/21 FC Barcelona Juventus 80 600 000 € Arthur Melo
46%
96 25/26 AFC Bournemouth Paris Saint-Germain 63 000 000 € Ilya Zabarnyi
42%
100 23/24 Southampton FC Chelsea FC 62 100 000 € Roméo Lavia
42%
74 25/26 Atalanta BC Al-Qadsiah 68 250 000 € Mateo Retegui
41%
No matching quizzes found
Score Distribution
Percent of People with Each Score
Percentile by Number Answered
Your Score History
You have not taken this quiz